| 000 | 01142cam a22002771 4500 | ||
|---|---|---|---|
| 001 | e 29000352 | ||
| 003 | DLC | ||
| 005 | 20260227111219.0 | ||
| 008 | 790510s1929 nyua s000 0 eng c | ||
| 010 | _ae 29000352 | ||
| 035 | _a(OCoLC)4949731 | ||
| 040 |
_aU. S. Off. of educ. Library _cNAlU _dDLC |
||
| 042 | _apremarc | ||
| 050 | 0 | 0 |
_aLB1555 _b.N4 1929 |
| 082 | _a372 | ||
| 110 | 1 |
_aNew York (State). _bCouncil of Superintendents. _bCommittee on Elementary Education. |
|
| 245 | 1 | 0 |
_aCardinal objectives in elementary education, _bwith a series of reports by classroom teachers illustrating ways and means of attaining these objectives. _cA second report prepared by the Committee on elementary education of the New York council of superintendents, October 1, 1929. |
| 260 |
_aAlbany, _bThe University of the state of New York, _c1929. |
||
| 300 |
_a188 p. _billus. _c23 cm. |
||
| 500 | _aWilbur H. Lynch, chairman. | ||
| 504 | _aBibliography: p. 187-188; Bibliographies interspersed. | ||
| 650 | 0 | _aEducation. | |
| 650 | 0 | _aTeaching. | |
| 710 | 2 | _aUniversity of the State of New York. | |
| 700 | 1 |
_aLynch, Wilbur Henry, _d1872- |
|
| 999 |
_c20998 _d20998 |
||